भाई वीर सिंह / (Record no. 111515)

MARC details
000 -LEADER
fixed length control field 01120nam a22002657a 4500
005 - DATE AND TIME OF LATEST TRANSACTION
control field 20170124102925.0
010 ## - LIBRARY OF CONGRESS CONTROL NUMBER
LC control number A-167882
020 ## - INTERNATIONAL STANDARD BOOK NUMBER
Terms of availability 4.00
035 ## - SYSTEM CONTROL NUMBER
System control number A-167882
037 ## - SOURCE OF ACQUISITION
Source of stock number/acquisition Cen Lib/Ret
040 ## - CATALOGING SOURCE
Original cataloging agency DPL
Language of cataloging HN
082 ## - DEWEY DECIMAL CLASSIFICATION NUMBER
Classification number 850.8
Item number हरब
100 ## - MAIN ENTRY--PERSONAL NAME
Personal name हरबंस सिंह
9 (RLIN) 2125
245 ## - TITLE STATEMENT
Title भाई वीर सिंह /
Statement of responsibility, etc हरबंस सिंह; अनुवादक प्रदीप मांडव
246 ## - VARYING FORM OF TITLE
Title proper/short title Bhai vir singh /
Remainder of title by Harbans Singh; anuvadak Pradeep Mandav
260 ## - PUBLICATION, DISTRIBUTION, ETC. (IMPRINT)
Place of publication, distribution, etc नयी दिल्ली
Name of publisher, distributor, etc साहित्य अकादेमी
Date of publication, distribution, etc 1982
270 ## - ADDRESS
City नयी दिल्ली
Address रबिन्द्र भवन, ३५, फ़िरोज़शाह मार्ग
Postal code 110001
300 ## - PHYSICAL DESCRIPTION
Extent 68पृ.
Dimensions 19सेमी(सजिल्द)
650 ## - SUBJECT ADDED ENTRY--TOPICAL TERM
Topical term or geographic name as entry element पंजाबी साहित्य
9 (RLIN) 43274
650 ## - SUBJECT ADDED ENTRY--TOPICAL TERM
Topical term or geographic name as entry element जीवनी
9 (RLIN) 102
650 ## - SUBJECT ADDED ENTRY--TOPICAL TERM
Topical term or geographic name as entry element Panjabi literature
9 (RLIN) 43275
650 ## - SUBJECT ADDED ENTRY--TOPICAL TERM
Topical term or geographic name as entry element Biographies
9 (RLIN) 618
700 ## - ADDED ENTRY--PERSONAL NAME
Personal name मांडव, प्रदीप
9 (RLIN) 43249
942 ## - ADDED ENTRY ELEMENTS (KOHA)
Source of classification or shelving scheme Dewey Decimal Classification
Koha item type Hindi Books
Classification part 850.8
Call number suffix हरब
Holdings
Withdrawn status Lost status Damaged status Not for loan Home library Current library Date acquired Source of acquisition Cost, normal purchase price Total Checkouts Full call number Barcode Date last seen Copy number Cost, replacement price Price effective from Koha item type
        Central Library Central Library 03/08/2015 Cen Lib/Ret 4.00   850.8 हरब A-167882 03/08/2015 1 4.00 03/08/2015 Hindi Books

© Delhi Public Library
Hit Counter
free hit counter